[Event "Kragero Resort International 2022"]
[Site "Kragero"]
[Date "2022.02.26"]
[Round "7.1"]
[White "Dardha, Daniel"]
[Black "Fridman, Daniel"]
[Result "1/2-1/2"]
[WhiteElo "2541"]
[BlackElo "2626"]
[Annotator "TA"]
[PlyCount "54"]
[EventDate "2022.02.23"]
[EventType "swiss"]
[EventCountry "NOR"]
[SourceTitle "playchess.com"]
[Source "ChessBase"]
[SourceQuality "1"]

{[%evp 14,54,30,28,23,23,25,40,18,25,31,20,44,12,51,55,47,54,55,41,55,57,51,43,33,41,44,30,31,27,36,27,45,32,50,18,24,27,33,6,10,0,7]} 1. d4 e6 2. c4 d5 3. Nc3 Be7 4. cxd5 exd5 5. Bf4 Nf6 6. e3 O-O 7. Bd3 c5 8. Nge2 Nc6 {D35: Queen's Gambit Declined: Exchange Variation.} 9. O-O Bg4 10. dxc5 Bxc5 {White is slightly better.} 11. h3 Bxe2 12. Nxe2 {[#]} Qe7 $146 ({Predecessor:} 12... Bd6 13. Qb3 Bxf4 14. Nxf4 Qd6 15. Rfd1 Rfd8 16. Rac1 Qb4 17. Qxb4 Nxb4 18. a3 Nxd3 19. Rxd3 {1-0 (45) Wojtaszek,R (2726)-Fressinet,L (2707) Wijk aan Zee 2011}) 13. Rc1 Bd6 14. Qa4 Bxf4 15. Qxf4 Qe5 16. Qxe5 Nxe5 17. Rfd1 Rfc8 18. Bb1 Kf8 19. g4 h6 20. b3 Rxc1 21. Rxc1 Nc6 22. f3 Ke7 23. Kf2 a5 24. Nc3 d4 25. exd4 Nxd4 26. h4 Ne6 27. Be4 Nxe4+ {Weighted Error Value: White=0.07 (flawless) /Black=0.04 (flawless)} 1/2-1/2

[Event "Kragero Resort International 2022"]
[Site "Kragero"]
[Date "2022.02.26"]
[Round "7.1"]
[White "Engeset, Audun"]
[Black "Jonsson, Kristjan Dagur"]
[Result "0-1"]
[WhiteElo "1823"]
[BlackElo "1797"]
[Annotator "NA"]
[PlyCount "80"]
[EventDate "2022.02.23"]
[EventType "swiss"]
[EventCountry "NOR"]
[SourceTitle "playchess.com"]
[Source "ChessBase"]
[SourceQuality "1"]
[TimeControl "5400+30"]

1. e4 {[%emt 0:00:08]} c6 {[%emt 0:00:18]} 2. d4 {[%emt 0:00:09]} d5 {[%emt 0:00:13]} 3. e5 {[%emt 0:00:08]} Bf5 {[%emt 0:00:21]} 4. Nc3 {[%emt 0:00:14]} e6 {[%emt 0:00:39]} 5. g4 {[%emt 0:00:19]} Bg6 {[%emt 0:00:32]} 6. Nge2 {[%emt 0:00:11]} c5 {[%emt 0:00:43]} 7. Be3 {[%emt 0:04:28]} Nc6 {[%emt 0:04:59]} 8. Nf4 {[%emt 0:01:08]} cxd4 {[%emt 0:02:56]} 9. Bxd4 {[%emt 0:00:36]} Bxc2 {[%emt 0:15:18]} 10. Qxc2 {[%emt 0:03:47]} Nxd4 {[%emt 0:01:16]} 11. Qa4+ {[%emt 0:01:40]} Nc6 {[%emt 0:00:29]} 12. Bb5 {[%emt 0:02:05]} Nge7 {[%emt 0:03:04]} 13. Rd1 {[%emt 0:02:56]} Qc7 {[%emt 0:04:55]} 14. O-O $17 {[%emt 0:02:24]} g6 {[%emt 0:04:50]} 15. Rfe1 {[%emt 0:06:31]} Bg7 {[%emt 0:01:27]} 16. Nd3 {[%emt 0:16:14]} O-O {[%emt 0:01:38]} 17. Qf4 {[%emt 0:02:36]} a6 {[%emt 0:03:27]} 18. Ba4 {[%emt 0:01:56]} Rad8 {[%emt 0:03:17]} 19. Rc1 {[%emt 0:01:24]} Qa5 {[%emt 0:04:33]} 20. b4 {[%emt 0:00:54]} Qb6 {[%emt 0:01:22]} 21. a3 {[%emt 0:03:15]} Qd4 {[%emt 0:05:43]} 22. Qg3 {[%emt 0:00:58]} Rc8 {[%emt 0:05:28]} 23. Ne2 {[%emt 0:03:06]} Qa7 {[%emt 0:01:15]} 24. Qf4 {[%emt 0:01:36]} Rfd8 {[%emt 0:04:15]} 25. Bb3 {[%emt 0:00:59]} d4 {[%emt 0:01:13]} 26. Ng3 {[%emt 0:02:53]} Nd5 {[%emt 0:01:15]} 27. Qf3 {[%emt 0:03:38]} Qb8 {[%emt 0:01:40]} 28. Rc2 {[%emt 0:03:43]} Nc3 {[%emt 0:05:56]} 29. Qf4 {[%emt 0:06:06]} a5 {[%emt 0:01:34]} 30. Rd2 {[%emt 0:12:54]} Qc7 {[%emt 0:01:25]} 31. h4 {[%emt 0:03:37]} Qe7 {[%emt 0:01:27]} 32. Ne4 {[%emt 0:06:04]} Nxe4 {[%emt 0:00:41]} 33. Qxe4 {[%emt 0:01:03]} axb4 {[%emt 0:00:40]} 34. h5 {[%emt 0:04:44]} gxh5 {[%emt 0:01:30]} 35. Nf4 {[%emt 0:01:01]} Nxe5 {[%emt 0:03:05]} 36. Nxh5 {[%emt 0:00:51]} Ng6 {[%emt 0:01:38]} 37. Nxg7 {[%emt 0:00:48]} Kxg7 {[%emt 0:00:23]} 38. f4 {[%emt 0:01:50]} Rc3 {[%emt 0:02:38]} 39. Bc2 {[%emt 0:00:29]} Qh4 {[%emt 0:03:55]} 40. Rh2 {[%emt 0:00:35]} Qxg4+ {[%emt 0:01:56]} 0-1

[Event "Kragero Resort International 2022"]
[Site "Kragero"]
[Date "2022.02.26"]
[Round "7.2"]
[White "Chatalbashev, Boris"]
[Black "Sanal, Vahap"]
[Result "1-0"]
[WhiteElo "2515"]
[BlackElo "2601"]
[Annotator "TA"]
[PlyCount "81"]
[EventDate "2022.02.23"]
[EventType "swiss"]
[EventCountry "NOR"]
[SourceTitle "playchess.com"]
[Source "ChessBase"]
[SourceQuality "1"]

{[%evp 13,81,27,35,36,66,50,62,59,65,-47,-35,-64,-64,-43,19,0,10,0,0,0,0,-14,-14,-31,-10,-157,-10,-9,-15,-27,-26,-30,-36,-28,-39,-289,-350,-343,-345,-331,-329,-260,-62,-60,0,0,0,0,0,0,444,444,444,444,429,424,424,414,379,338,330,268,2341,2308,1519,1527,1266,835,830,783]} 1. d4 d5 2. c4 c6 3. Nf3 Nf6 4. g3 e6 5. Bg2 Nbd7 6. O-O dxc4 7. a4 a5 8. Qc2 {E04: Open Catalan: 5 Nf3.} b5 9. Ne5 Nxe5 10. dxe5 {White is slightly better.} Nd5 {[#]} 11. Rd1 $146 (11. axb5 $14 cxb5 12. Nc3) ({Predecessor:} 11. axb5 cxb5 12. Nc3 Qb6 13. Nxd5 exd5 14. Bxd5 Ra7 15. b3 Bc5 16. bxc4 b4 17. Qe4 {½-½ (55) Gelfand,B (2663)-Erigaisi,A (2629) Warsaw 2021}) 11... Qb6 $1 $15 12. Nc3 b4 13. Ne4 b3 (13... Ba6 $1 $15) 14. Qd2 h6 {Inhibits Qg5.} 15. Nd6+ Bxd6 16. exd6 {Black must now prevent e4.} f5 17. e4 fxe4 18. Qe2 O-O {[#] Hoping for ...c3.} 19. Bxe4 (19. Be3 $11 Nxe3 20. Qxe3 Qxe3 21. fxe3) 19... Ba6 ({Better is} 19... c3 $17 {...Ba6 is the strong threat.} 20. Bxd5 exd5 21. bxc3 Bf5) 20. Be3 $132 {[%mdl 2048] White puts up resistance} Qd8 21. Qg4 Qf6 22. Bd4 {This bishop pair is nice.} e5 23. Bc5 {aiming for d7.} c3 24. Rxd5 $2 (24. d7 $15 c2 25. Re1) 24... cxd5 $19 25. Bxd5+ Kh8 26. Bxa8 Rxa8 (26... cxb2 27. Rb1 Rxa8 28. Rxb2 $15) 27. Qe4 Rc8 (27... Rb8 $19 28. Re1 Bb7) 28. bxc3 $15 {[%cal Oa1d1]} ({Don't go for} 28. d7 $2 Rd8 29. Qd5 (29. bxc3 $2 Rxd7 30. Ba3 b2 $19) 29... c2 $19) 28... Rxc5 (28... Qf7 $15 29. Ba3 Rxc3 30. Qa8+ Bc8) 29. Qa8+ $11 Kh7 (29... Bc8 $5 30. d7 {[#]} Qd8 $1 $11) 30. d7 b2 31. Rd1 {Dancing on a razor blade.} Rxc3 $2 {[%mdl 8192]} (31... Qg6 $1 $11 32. d8=R (32. d8=Q Rc8 $11) 32... Rc8 33. Rxc8 Bxc8 34. Qxc8 b1=Q 35. Rxb1 Qxb1+ 36. Kg2 Qe4+ 37. Kf1 Qxa4) 32. d8=Q $18 Qxd8 33. Qe4+ ({Not} 33. Qxd8 Bd3 $18) 33... g6 34. Rxd8 {White wants to mate with Rd7+.} Rc1+ 35. Kg2 {Intending Rd7+ and mate.} Bf1+ 36. Kf3 {Qb7+ would kill now.} Rc3+ 37. Kg4 {Threatening mate with Qb7+.} Be2+ $2 (37... Rc4 38. Qxc4 Bxc4) 38. Qxe2 {White is clearly winning.} b1=Q 39. Rd7+ Kg8 40. Qxe5 {[%csl Gd7][%cal Re5g7]} Rc4+ 41. f4 {Weighted Error Value: White=0.39/Black=0.46} 1-0

[Event "Kragero Resort International 2022"]
[Site "Kragero"]
[Date "2022.02.26"]
[Round "7.2"]
[White "Stromhaug, Kristoffer Wang"]
[Black "Haug, Havard"]
[Result "0-1"]
[WhiteElo "1694"]
[BlackElo "1801"]
[Annotator "NA"]
[PlyCount "74"]
[EventDate "2022.02.23"]
[EventType "swiss"]
[EventCountry "NOR"]
[SourceTitle "playchess.com"]
[Source "ChessBase"]
[SourceQuality "1"]
[TimeControl "5400+30"]

1. e4 {[%emt 0:00:03]} c5 {[%emt 0:00:07]} 2. Nf3 {[%emt 0:00:13]} d6 {[%emt 0:00:23]} 3. d4 {[%emt 0:00:10]} cxd4 {[%emt 0:00:22]} 4. Nxd4 {[%emt 0:00:14]} Nf6 {[%emt 0:00:17]} 5. f3 {[%emt 0:00:14]} g6 {[%emt 0:00:17]} 6. c4 {[%emt 0:02:04]} Bg7 {[%emt 0:00:40]} 7. Nc3 {[%emt 0:00:40]} O-O {[%emt 0:00:44]} 8. Be3 {[%emt 0:00:52]} Nc6 {[%emt 0:00:54]} 9. Qd2 {[%emt 0:02:37]} Bd7 {[%emt 0:02:01]} 10. Be2 {[%emt 0:01:14]} Rc8 {[%emt 0:04:22]} 11. O-O {[%emt 0:03:20]} a6 {[%emt 0:07:45]} 12. Nd5 {[%emt 0:05:29]} Nxd5 {[%emt 0:01:41]} 13. cxd5 {[%emt 0:00:13]} Nxd4 {[%emt 0:01:10]} 14. Bxd4 {[%emt 0:00:11]} Qc7 {[%emt 0:02:15]} 15. Bxg7 {[%emt 0:02:12]} Kxg7 {[%emt 0:00:01]} 16. Rfc1 {[%emt 0:03:11]} Qb6+ {[%emt 0:03:18]} 17. Kf1 {[%emt 0:00:34]} f6 {[%emt 0:01:40]} 18. Rxc8 {[%emt 0:03:09]} Rxc8 {[%emt 0:00:17]} 19. Rc1 {[%emt 0:01:03]} Rc5 $11 {[%emt 0:02:36]} 20. b4 {[%emt 0:10:36]} Rc7 {[%emt 0:05:53]} 21. a3 {[%emt 0:02:37]} Bb5 {[%emt 0:05:47]} 22. Bxb5 {[%emt 0:01:24]} Qxb5+ {[%emt 0:01:35]} 23. Ke1 {[%emt 0:00:38]} Rxc1+ {[%emt 0:02:03]} 24. Qxc1 {[%emt 0:00:06]} Qd3 {[%emt 0:00:39]} 25. Qc7 {[%emt 0:10:35]} Kf7 {[%emt 0:01:08]} 26. Qxb7 {[%emt 0:00:10]} Qxa3 {[%emt 0:00:33]} 27. Kf2 {[%emt 0:00:46]} Qb2+ {[%emt 0:01:05]} 28. Kg3 {[%emt 0:01:40]} a5 {[%emt 0:01:09]} 29. b5 {[%emt 0:00:08]} a4 {[%emt 0:00:12]} 30. b6 {[%emt 0:00:15]} a3 {[%emt 0:00:14]} 31. Qa7 {[%emt 0:00:22]} a2 {[%emt 0:00:11]} 32. b7 {[%emt 0:00:13]} a1=Q {[%emt 0:00:07]} 33. Qxa1 {[%emt 0:00:10]} Qxa1 {[%emt 0:00:05]} 34. b8=Q {[%emt 0:00:09]} Qe1+ {[%emt 0:00:05]} 35. Kh3 {[%emt 0:07:43]} g5 {[%emt 0:00:28]} 36. g3 {[%emt 0:00:05]} Qf1+ {[%emt 0:00:05]} 37. Kg4 {[%emt 0:00:04]} h5+ {[%emt 0:00:08]} 0-1

[Event "Kragero Resort International 2022"]
[Site "Kragero"]
[Date "2022.02.26"]
[Round "7.3"]
[White "Bogner, Sebastian"]
[Black "Van Foreest, Lucas"]
[Result "1/2-1/2"]
[WhiteElo "2573"]
[BlackElo "2563"]
[Annotator "TA"]
[PlyCount "65"]
[EventDate "2022.02.23"]
[EventType "swiss"]
[EventCountry "NOR"]
[SourceTitle "playchess.com"]
[Source "ChessBase"]
[SourceQuality "1"]

{[%evp 9,65,18,27,23,36,33,30,23,31,9,29,25,32,34,32,33,25,0,0,0,0,0,0,-31,-6,-7,-9,-8,-10,-15,0,-33,0,0,0,0,17,18,92,62,107,114,106,15,22,0,0,0,0,-118,0,0,64,58,60,0,53,57]} 1. d4 d5 2. c4 e6 3. Nc3 a6 4. cxd5 exd5 5. Nf3 Nf6 6. Bg5 {D37: Queen's Gambit Declined: 5 Bf4.} Be6 7. e3 Nbd7 8. Bd3 {White has an edge.} h6 9. Bh4 g5 10. Bg3 Nh5 11. Qc2 Nxg3 12. hxg3 Bg7 13. O-O-O c5 14. Bf5 O-O 15. Kb1 Rc8 {[#]} 16. g4 $146 ({Predecessor:} 16. dxc5 Nxc5 17. Nd4 b5 18. a3 Qf6 19. f4 g4 20. Rh4 {½-½ (78) Potapova,M (2377)-Zhang,X (2053) New Delhi 2019}) 16... b5 {With the idea ...b4.} 17. dxc5 Rxc5 18. Nd4 $1 Qe7 {And now ...b4 would win.} 19. Qd2 Nb6 20. Rc1 Rfc8 {Threatens to win with ...b4.} 21. Qd3 {Strongly threatening Bxe6.} Qf6 22. Nce2 Nc4 23. Ng3 $1 Qe5 (23... Ne5 $11 24. Qd2 Rxc1+ 25. Rxc1 Nc4) 24. Rcd1 Bxf5 (24... Rf8 $14) 25. Ngxf5 $16 {Pair of Knights!} Qf6 26. Qe2 (26. f4 $16) 26... Nd6 $1 $11 27. Nxd6 Qxd6 28. Nf5 Qe5 29. Rd4 {[#] Inhibits Qe4+. Active counter play!} (29. Rd2 $1 $11 {was the only way to keep the balance.}) 29... Qc7 (29... Rc2 $1 $17 {[%cal Rc2e2]} 30. Qxc2 Rxc2 31. Kxc2 Qc7+ 32. Kd1 Bxd4 33. exd4 h5 34. Rxh5 Qc4 35. Rxg5+ Kf8) 30. Qd1 Rc2 (30... a5 $11) 31. Rd2 $14 Rc5 32. a3 ({Don't blunder} 32. Nxh6+ $2 Bxh6 33. e4 {[#]} dxe4 $1 $19) (32. f3 $14) 32... Qe5 (32... a5 $11) 33. f3 $1 {Weighted Error Value: White=0.19 (very precise) /Black=0.21 (precise)} 1/2-1/2

[Event "Kragero Resort International 2022"]
[Site "Kragero"]
[Date "2022.02.26"]
[Round "7.3"]
[White "Ostensen, Nicolai Maxime"]
[Black "Hammari, Vinjar"]
[Result "1-0"]
[WhiteElo "1728"]
[BlackElo "1775"]
[Annotator "NA"]
[PlyCount "139"]
[EventDate "2022.02.23"]
[EventType "swiss"]
[EventCountry "NOR"]
[SourceTitle "playchess.com"]
[Source "ChessBase"]
[SourceQuality "1"]
[TimeControl "5400+30"]

1. c4 {[%emt 0:00:06]} c5 {[%emt 0:00:36]} 2. Nc3 {[%emt 0:00:05]} Nc6 {[%emt 0:00:04]} 3. g3 {[%emt 0:00:05]} g6 {[%emt 0:00:04]} 4. Bg2 {[%emt 0:00:03]} Bg7 {[%emt 0:00:04]} 5. a3 {[%emt 0:00:09]} d6 {[%emt 0:00:28]} 6. e3 {[%emt 0:00:16]} Bxc3 {[%emt 0:00:49]} 7. dxc3 {[%emt 0:02:06]} f5 {[%emt 0:00:25]} 8. h4 {[%emt 0:01:31]} h6 {[%emt 0:06:10]} 9. Ne2 {[%emt 0:00:25]} Nf6 {[%emt 0:00:21]} 10. Nf4 {[%emt 0:00:34]} Kf7 {[%emt 0:08:23]} 11. Nd5 {[%emt 0:03:41]} e5 {[%emt 0:02:29]} 12. Nxf6 {[%emt 0:07:17]} Qxf6 {[%emt 0:00:07]} 13. Bd5+ {[%emt 0:00:30]} Kg7 {[%emt 0:03:34]} 14. e4 {[%emt 0:03:36]} fxe4 {[%emt 0:01:37]} 15. Bxe4 {[%emt 0:00:25]} Rf8 {[%emt 0:00:04]} 16. Qd2 {[%emt 0:00:42]} Rh8 {[%emt 0:02:35]} 17. b3 {[%emt 0:03:49]} Na5 {[%emt 0:02:21]} 18. Qc2 {[%emt 0:00:49]} Bg4 {[%emt 0:00:21]} 19. Be3 {[%emt 0:02:19]} Bf3 {[%emt 0:01:22]} 20. Bxf3 {[%emt 0:02:35]} Qxf3 {[%emt 0:00:33]} 21. Rg1 {[%emt 0:00:16]} h5 {[%emt 0:02:14]} 22. Rb1 {[%emt 0:00:52]} Nc6 {[%emt 0:01:16]} 23. Qd3 {[%emt 0:01:46]} Qf5 {[%emt 0:01:27]} 24. Kd2 {[%emt 0:03:09]} e4 {[%emt 0:00:40]} 25. Qe2 {[%emt 0:03:28]} Ne5 {[%emt 0:01:58]} 26. Kc2 {[%emt 0:00:18]} Rad8 {[%emt 0:02:16]} 27. Rbd1 {[%emt 0:00:19]} Rhe8 {[%emt 0:04:51]} 28. Rd5 {[%emt 0:00:24]} Re6 {[%emt 0:02:54]} 29. Rgd1 {[%emt 0:02:18]} b6 {[%emt 0:00:23]} 30. Kb1 {[%emt 0:00:45]} Qg4 {[%emt 0:05:48]} 31. Qxg4 {[%emt 0:03:56]} Nxg4 {[%emt 0:00:20]} 32. Re1 {[%emt 0:00:22]} Nxe3 {[%emt 0:02:32]} 33. Rxe3 {[%emt 0:00:07]} Rf8 {[%emt 0:00:09]} 34. Re2 {[%emt 0:01:12]} Rf3 {[%emt 0:00:44]} 35. Kc2 {[%emt 0:00:53]} Kf7 {[%emt 0:00:24]} 36. b4 {[%emt 0:02:32]} Ke7 {[%emt 0:00:55]} 37. Rd1 {[%emt 0:00:40]} e3 {[%emt 0:00:21]} 38. Rxe3 {[%emt 0:03:36]} Rxf2+ {[%emt 0:00:07]} 39. Kd3 {[%emt 0:00:27]} Rxe3+ {[%emt 0:02:27]} 40. Kxe3 {[%emt 0:00:06]} Ra2 {[%emt 0:00:08]} 41. b5 {[%emt 0:00:39]} Rxa3 {[%emt 0:00:05]} 42. Kd3 {[%emt 0:00:30]} d5 {[%emt 0:01:33]} 43. cxd5 {[%emt 0:03:48]} Kd6 {[%emt 0:00:14]} 44. Kc2 {[%emt 0:01:41]} Ra4 {[%emt 0:01:17]} 45. Kb2 {[%emt 0:04:56]} Rg4 {[%emt 0:01:21]} 46. Ra1 {[%emt 0:01:33]} Kxd5 {[%emt 0:01:11]} 47. Kb3 {[%emt 0:01:23]} Rxg3 {[%emt 0:01:27]} 48. Rxa7 {[%emt 0:00:06]} Re3 {[%emt 0:01:18]} 49. Rd7+ {[%emt 0:00:13]} Ke5 {[%emt 0:07:49]} 50. Rb7 {[%emt 0:00:12]} Rg3 {[%emt 0:00:50]} 51. Rxb6 {[%emt 0:00:36]} Rg4 {[%emt 0:01:15]} 52. Rc6 {[%emt 0:01:02]} Kd5 {[%emt 0:00:39]} 53. Rc8 {[%emt 0:02:55]} Rg1 {[%emt 0:00:47]} 54. Rd8+ {[%emt 0:00:08]} Ke6 {[%emt 0:00:18]} 55. Kc4 {[%emt 0:00:32]} Ke7 {[%emt 0:00:06]} 56. Rd2 {[%emt 0:00:15]} g5 {[%emt 0:00:51]} 57. Kxc5 {[%emt 0:01:15]} gxh4 {[%emt 0:00:10]} 58. b6 {[%emt 0:00:18]} h3 {[%emt 0:00:59]} 59. b7 {[%emt 0:00:31]} Rb1 {[%emt 0:00:08]} 60. Kc6 {[%emt 0:00:12]} Rb3 {[%emt 0:00:27]} 61. c4 {[%emt 0:00:32]} h4 {[%emt 0:01:30]} 62. Kc7 {[%emt 0:00:27]} Rc3 {[%emt 0:00:09]} 63. Re2+ {[%emt 0:00:04]} Kf6 {[%emt 0:00:12]} 64. b8=Q {[%emt 0:00:10]} Rxc4+ {[%emt 0:00:08]} 65. Kd6 {[%emt 0:00:04]} Rg4 {[%emt 0:00:40]} 66. Qf8+ {[%emt 0:00:11]} Kg6 {[%emt 0:00:15]} 67. Qg8+ {[%emt 0:00:17]} Kf5 {[%emt 0:00:14]} 68. Qf7+ {[%emt 0:00:06]} Kg5 {[%emt 0:00:09]} 69. Re5+ {[%emt 0:00:04]} Kh6 {[%emt 0:00:07]} 70. Rh5# {[%emt 0:00:03]} 1-0

[Event "Kragero Resort International 2022"]
[Site "Kragero"]
[Date "2022.02.26"]
[Round "7.4"]
[White "Ostmoe, Geir Sune Tallaksen"]
[Black "Romanov, Evgeny"]
[Result "0-1"]
[WhiteElo "2466"]
[BlackElo "2561"]
[Annotator "TA"]
[PlyCount "132"]
[EventDate "2022.02.23"]
[EventType "swiss"]
[EventCountry "NOR"]
[SourceTitle "playchess.com"]
[Source "ChessBase"]
[SourceQuality "1"]

{[%evp 16,132,0,0,32,0,0,-20,0,-10,-7,-68,-68,-137,-145,-150,-86,-485,-485,-567,-575,-597,-597,-597,-591,-595,-597,-595,-594,-576,-582,-530,-282,-256,-261,-282,-271,-515,-266,-266,-266,-365,-327,-378,-215,-224,-183,-242,-231,-671,-152,-150,-140,-187,-189,-189,-187,-191,-206,-195,-139,-144,-144,-393,-162,-204,-204,-434,-379,-485,-485,-491,-491,-458,-389,-647,-349,-564,-383,-451,-229,-222,-207,-204,-138,-195,-92,-138,-138,-138,-100,-138,-100,-138,-93,-195,-125,-359,-354,-12832,-195,-12832,-12827,-1135,0,-344,-304,-254,-222,-1154,-1034,-12836,-12836,-12836,-12836,-12837,-12837,-12832,-536]} 1. d4 Nf6 2. Nf3 e6 3. Bg5 c5 4. e3 h6 5. Bh4 b6 6. Bd3 Bb7 7. O-O Be7 8. c4 O-O 9. Nc3 d6 {E12: Queen's Indian: Unusual White 4th moves, 4 a3, 4 Nc3 Bb7 5 a3 and 4 Nc3 Bb7 .} 10. a3 Nbd7 11. b4 Rc8 {The position is equal.} 12. Nd2 {[#]} d5 $146 ({Predecessor:} 12... e5 13. d5 Nxd5 14. Nxd5 Bxh4 15. Qg4 Bxd5 16. cxd5 Be7 17. Qf5 g6 18. Qh3 Kg7 {0-1 (37) D'Orta,A (1934)-Nardone,M (1925) Milan 2012}) 13. Qa4 (13. Bg3 $11) 13... dxc4 (13... cxd4 {is interesting.} 14. exd4 dxc4 15. Nxc4 a6 16. Qb3 b5) 14. Bxc4 (14. Nxc4 $15 a6 15. Qb3) 14... cxd4 $17 15. exd4 Nh5 (15... b5 $142 16. Qxa7 Bxg2 $1 17. Kxg2 bxc4) 16. Qxa7 {[%mdl 8192] [#]} (16. Bxe7 $17 Qxe7 17. g3 (17. Qxa7 $2 Bxg2 18. Kxg2 Qg5+ 19. Kh1 Qxd2 $19)) 16... Bxg2 $1 $19 {[%mdl 512]} 17. Bxe7 (17. Kxg2 Bxh4) 17... Qxe7 18. Kxg2 Qg5+ 19. Kh1 {Nce4 is the strong threat.} Qxd2 20. Qxd7 Qxc3 21. Be2 {To avoid Qf3+} Nf4 22. Qb5 Qxd4 23. Bf3 Qc3 24. Bb7 Rfd8 {[%cal Od8d5]} 25. Qxb6 Rd4 26. Rad1 $2 (26. Rae1 {is a better defense.}) 26... Rcc4 {[%cal Oc3h3]} 27. Rxd4 Rxd4 (27... Qxd4 28. Qxd4 Rxd4 29. b5 $16) 28. Qc5 Qd3 {[%cal Rd3f1]} 29. Qc8+ Rd8 (29... Kh7 $142 {[%cal Rd3f1]} 30. Qc1 f5) 30. Qc1 Ne2 31. Qa1 (31. Qe1 {was worth a try.}) 31... Rd4 $40 {[%mdl 128] Black has strong attack.} 32. Bc6 $2 (32. Qe1) 32... e5 $2 (32... Rh4 $19 33. Rg1 Nxg1 34. Qxg1 Qxa3) 33. Qb1 $17 Qxa3 34. b5 (34. Qf5 $17 Qxb4 35. Qxe5) 34... e4 $19 35. Bxe4 {And now b6 would win.} Nc3 $1 {[%csl LRb1,LRe4]} 36. Bh7+ Kh8 37. Qc2 Qc5 ({Weaker is} 37... Nxb5 38. Be4 g6 39. Bg2 $17) (37... Qa8+ $19 38. f3 Rd1 $1 {[%mdl 512]}) 38. f3 Qxb5 {[%cal Rb5f1]} 39. Ra1 {[#]} (39. Re1 $17 Rd1 40. Qxc3 (40. Rxd1 Nxd1 41. Qxd1 Kxh7 $17) 40... Rxe1+ 41. Qxe1 Kxh7 42. h4) 39... Rd8 (39... Qd5 $142 $1 40. Qxc3 Kxh7) 40. Qxc3 (40. Bf5 $142) 40... Kxh7 {[%mdl 4096] Endgame KQR-KQR} 41. Rg1 $2 {[#]} (41. Qe3 {is the only way for White.}) 41... g6 $1 {Active counter play!} 42. Qe3 Rd3 43. Qe4 Rd2 44. Qf4 Qd5 {White must now prevent ...Rf2.} 45. Qe4 $2 (45. Rf1 Re2 46. Qc7) 45... Qd6 {[%csl Gd6][%cal Rd2h2]} 46. Rg2 (46. Qh4) 46... Rd4 47. Qe3 Qd5 (47... Rd3 $142 48. Qe4 Rd1+ 49. Rg1 Rd2) 48. Rf2 Rd1+ 49. Kg2 Rb1 50. Rd2 (50. Re2 $17 {might work better.}) 50... Qb5 (50... Qf5 $19 {and Black stays clearly on top.} 51. Kg3 Qf6) 51. Re2 (51. Qe7 $142 Qf5 52. Rd7) 51... Rb3 $17 52. Qe5 Qc6 53. Qe4 Qf6 54. Qd5 {Inhibits Rb5.} Rc3 ({Better is} 54... Rb4 55. Re4 Rb1) 55. Ra2 (55. h4 $17) 55... Re3 (55... Qf4 $19 {Threatens to win with ...h5.} 56. Qe4 Qg5+ 57. Qg4 Qe3) 56. Rd2 $2 (56. Ra7 $17 {keeps fighting.} Kg8 57. Kf2) 56... Re5 $19 57. Qd3 $2 (57. Qb3) 57... Qf4 $2 (57... Qg5+ 58. Kf1 Qf4) 58. Rc2 $2 (58. Rf2) 58... Qg5+ 59. Kf1 Qf4 $2 (59... Qh4 {( -> ...Qe1+)} 60. Rf2 Qf4) 60. Kg2 $1 Rh5 61. Kg1 Rg5+ 62. Kf1 $2 (62. Kh1) 62... Qh4 {Hoping for ...Qh3+. Black is clearly winning.} 63. Re2 Qh3+ 64. Ke1 Rg1+ 65. Kd2 Rf1 66. Re7 Qxf3 {Weighted Error Value: White=0.81/Black=0.60} (66... Qxh2+ $142 67. Kc3 Rc1+ 68. Kb3 Qb8+ 69. Ka2 Qa8+ 70. Kb3 Kg8) 0-1

[Event "Kragero Resort International 2022"]
[Site "Kragero"]
[Date "2022.02.26"]
[Round "7.4"]
[White "Haugen, Lars Tormod"]
[Black "Thorisson, Benedikt"]
[Result "1/2-1/2"]
[WhiteElo "1710"]
[BlackElo "1790"]
[Annotator "NA"]
[PlyCount "39"]
[EventDate "2022.02.23"]
[EventType "swiss"]
[EventCountry "NOR"]
[SourceTitle "playchess.com"]
[Source "ChessBase"]
[SourceQuality "1"]
[TimeControl "5400+30"]

1. c4 {[%emt 0:00:03]} e5 {[%emt 0:00:07]} 2. Nc3 {[%emt 0:00:10]} Nf6 {[%emt 0:00:09]} 3. Nf3 {[%emt 0:00:23]} Nc6 {[%emt 0:00:09]} 4. a3 {[%emt 0:00:21]} d5 {[%emt 0:00:16]} 5. cxd5 {[%emt 0:00:07]} Nxd5 {[%emt 0:00:10]} 6. Qc2 {[%emt 0:00:08]} Be6 {[%emt 0:00:19]} 7. e3 {[%emt 0:01:11]} Bd6 {[%emt 0:02:07]} 8. Be2 {[%emt 0:05:08]} f6 {[%emt 0:02:56]} 9. Nxd5 {[%emt 0:13:28]} Bxd5 {[%emt 0:00:26]} 10. Bc4 {[%emt 0:00:26]} Bxc4 {[%emt 0:00:51]} 11. Qxc4 {[%emt 0:00:03]} Qd7 {[%emt 0:00:13]} 12. O-O {[%emt 0:08:42]} O-O-O {[%emt 0:00:43]} 13. d3 {[%emt 0:08:35]} Rhe8 {[%emt 0:01:37]} 14. b4 {[%emt 0:08:53]} Qe6 {[%emt 0:08:10]} 15. Bb2 {[%emt 0:05:10]} e4 {[%emt 0:09:14]} 16. Qxe6+ {[%emt 0:07:19]} Rxe6 {[%emt 0:00:10]} 17. dxe4 {[%emt 0:03:54]} Rxe4 {[%emt 0:00:12]} 18. Rfd1 {[%emt 0:02:58]} Re7 {[%emt 0:09:01]} 19. Kf1 {[%emt 0:01:34]} Ne5 {[%emt 0:02:37]} 20. Nxe5 {[%emt 0:04:07]} 1/2-1/2

[Event "Kragero Resort International 2022"]
[Site "Kragero"]
[Date "2022.02.26"]
[Round "7.5"]
[White "Seo, Jung Min"]
[Black "Gumularz, Szymon"]
[Result "1/2-1/2"]
[WhiteElo "2466"]
[BlackElo "2539"]
[Annotator "TA"]
[PlyCount "44"]
[EventDate "2022.02.23"]
[EventType "swiss"]
[EventCountry "NOR"]
[SourceTitle "playchess.com"]
[Source "ChessBase"]
[SourceQuality "1"]

{[%evp 25,44,28,22,22,26,27,51,0,0,0,20,16,33,19,54,16,63,0,0,0,0]} 1. d4 Nf6 2. c4 e6 3. Nf3 d5 4. Nc3 c5 5. cxd5 Nxd5 6. e4 Nxc3 7. bxc3 cxd4 8. cxd4 Bb4+ 9. Bd2 Bxd2+ 10. Qxd2 O-O 11. Bc4 Nd7 12. O-O b6 13. Rfe1 Bb7 14. a4 {D41: Queen's Gambit Declined: Semi-Tarrasch with 5 cxd5.} Nf6 15. Bd3 h6 16. h3 $1 {[%mdl 4] [#] is recently more successful than 16.a5.} (16. a5 $14) 16... Re8 $146 ({Predecessor:} 16... Qc7 17. Rec1 Qe7 18. Qf4 Rac8 19. Rxc8 Rxc8 20. a5 Qc7 21. Qxc7 Rxc7 22. axb6 axb6 {1-0 (35) Koneru,H (2586)-Lei,T (2535) Xian 2021}) 17. a5 a6 18. axb6 Qxb6 19. Rab1 Qa7 20. Qa5 (20. g4 $5 {[%cal Rg4g5]}) 20... Rad8 (20... Rac8 $11 {was preferrable.}) 21. Qb6 {White is more active.} (21. Rb4 $14) 21... Qxb6 22. Rxb6 Re7 {Weighted Error Value: White=0.21 (precise) /Black=0.16 (very precise)} 1/2-1/2